<?xml version="1.0" encoding="UTF-8"?>
<record
    xmlns:xsi="http://www.w3.org/2001/XMLSchema-instance"
    xsi:schemaLocation="http://www.loc.gov/MARC21/slim http://www.loc.gov/standards/marcxml/schema/MARC21slim.xsd"
    xmlns="http://www.loc.gov/MARC21/slim">

  <leader>01128nam a2200253Ia 4500</leader>
  <controlfield tag="005">20231102151118.0</controlfield>
  <controlfield tag="008">120626s1994    sp            000 0 spa d</controlfield>
  <datafield tag="020" ind1=" " ind2=" ">
    <subfield code="a">8475099890</subfield>
  </datafield>
  <datafield tag="050" ind1="1" ind2="4">
    <subfield code="a">LB775</subfield>
    <subfield code="b">J67 1994</subfield>
  </datafield>
  <datafield tag="100" ind1="1" ind2=" ">
    <subfield code="a">Jord&#xE1;n, Jos&#xE9; Antonio</subfield>
    <subfield code="e">autor</subfield>
  </datafield>
  <datafield tag="245" ind1="1" ind2="0">
    <subfield code="a">La escuela multicultural  </subfield>
    <subfield code="b"> : Un reto para el profesorado </subfield>
    <subfield code="c"> / Jos&#xE9; Antonio Jord&#xE1;n</subfield>
  </datafield>
  <datafield tag="260" ind1=" " ind2=" ">
    <subfield code="a">Espa&#xF1;a </subfield>
    <subfield code="b"> : Paid&#xF3;s</subfield>
    <subfield code="c"> , 1994</subfield>
  </datafield>
  <datafield tag="300" ind1=" " ind2=" ">
    <subfield code="a">195 p&#xE1;ginas</subfield>
  </datafield>
  <datafield tag="336" ind1=" " ind2=" ">
    <subfield code="a">texto</subfield>
  </datafield>
  <datafield tag="337" ind1=" " ind2=" ">
    <subfield code="a">sin medio</subfield>
  </datafield>
  <datafield tag="338" ind1=" " ind2=" ">
    <subfield code="a">volumen</subfield>
  </datafield>
  <datafield tag="490" ind1=" " ind2=" ">
    <subfield code="a">Papeles de Pedagog&#xED;a, 16</subfield>
  </datafield>
  <datafield tag="504" ind1=" " ind2=" ">
    <subfield code="a">Incluye: Bibliograf&#xED;a (pp. 187-195)</subfield>
  </datafield>
  <datafield tag="505" ind1="2" ind2=" ">
    <subfield code="a">Los profesores ante la educaci&#xF3;n y la escuela multicultural
Las actitudes del profesorado ante los alumnos culturalmente distintos
Algunos problemas concretos de los docentes en la pr&#xE1;ctica educativa de escuelas multiculturales
Acercamiento pr&#xE1;ctico a las opiniones del profesorado sobre la educaci&#xF3;n multicultural</subfield>
  </datafield>
  <datafield tag="519" ind1=" " ind2=" ">
    <subfield code="a">Plan Flexible / </subfield>
    <subfield code="b">Psicolog&#xED;a / </subfield>
    <subfield code="c">Consultor&#xED;a Psicoeducativa (P31-1) / </subfield>
    <subfield code="d">(17 000656) </subfield>
  </datafield>
  <datafield tag="650" ind1="1" ind2="4">
    <subfield code="a">EDUCACI&#xD3;N </subfield>
    <subfield code="x">DOCENCIA</subfield>
  </datafield>
  <datafield tag="650" ind1="2" ind2="4">
    <subfield code="a">EDUCACI&#xD3;N</subfield>
    <subfield code="x">MULTICULTURAL</subfield>
  </datafield>
  <datafield tag="942" ind1=" " ind2=" ">
    <subfield code="2">lcc</subfield>
    <subfield code="c">LB</subfield>
  </datafield>
  <datafield tag="952" ind1=" " ind2=" ">
    <subfield code="0">0</subfield>
    <subfield code="1">0</subfield>
    <subfield code="2">ddc</subfield>
    <subfield code="4">0</subfield>
    <subfield code="7">0</subfield>
    <subfield code="a">22</subfield>
    <subfield code="b">22</subfield>
    <subfield code="d">2010-09-23</subfield>
    <subfield code="l">2</subfield>
    <subfield code="o">LB775 J67 1994</subfield>
    <subfield code="p">17 000656</subfield>
    <subfield code="r">2023-07-31</subfield>
    <subfield code="s">2017-09-15</subfield>
    <subfield code="t">1</subfield>
    <subfield code="w">2012-06-26</subfield>
    <subfield code="y">LB</subfield>
    <subfield code="f"></subfield>
  </datafield>
  <datafield tag="999" ind1=" " ind2=" ">
    <subfield code="c">73386</subfield>
    <subfield code="d">73386</subfield>
  </datafield>
</record>
